Internet and internet applications for librarians / (Record no. 157311)

MARC details
000 -LEADER
fixed length control field 00616nam a22002057a 4500
003 - CONTROL NUMBER IDENTIFIER
control field dpl
005 - DATE AND TIME OF LATEST TRANSACTION
control field 20180915123206.0
008 - FIXED-LENGTH DATA ELEMENTS--GENERAL INFORMATION
fixed length control field 180910b xxu||||| |||| 00| 0 eng d
010 ## - LIBRARY OF CONGRESS CONTROL NUMBER
LC control number B-031480
020 ## - INTERNATIONAL STANDARD BOOK NUMBER
International Standard Book Number 8170002761
Terms of availability 1250.00
035 ## - SYSTEM CONTROL NUMBER
System control number B-031480
040 ## - CATALOGING SOURCE
Original cataloging agency DPL
Language of cataloging EN
Transcribing agency 0
082 ## - DEWEY DECIMAL CLASSIFICATION NUMBER
Classification number 021.65
Item number SEH
100 ## - MAIN ENTRY--PERSONAL NAME
Personal name Sehgal, R.L.
245 ## - TITLE STATEMENT
Title Internet and internet applications for librarians /
Statement of responsibility, etc by R. L. Sehgal
260 ## - PUBLICATION, DISTRIBUTION, ETC. (IMPRINT)
Place of publication, distribution, etc New Delhi
Name of publisher, distributor, etc Ess Ess Publications
Date of publication, distribution, etc 2000
270 ## - ADDRESS
Address 4837/24,Ansari road daryaganj
City New Delhi
Postal code 110002
300 ## - PHYSICAL DESCRIPTION
Extent 329p.:
Dimensions 20cm
942 ## - ADDED ENTRY ELEMENTS (KOHA)
Source of classification or shelving scheme Dewey Decimal Classification
Koha item type English Books
Classification part 021.65
Call number suffix SEH
Holdings
Withdrawn status Lost status Source of classification or shelving scheme Materials specified (bound volume or other part) Damaged status Not for loan Collection code Home library Current library Date acquired Source of acquisition Cost, normal purchase price Total Checkouts Full call number Barcode Date last seen Cost, replacement price Price effective from Koha item type
    Dewey Decimal Classification v.1     Non-fiction Patel Nagar Patel Nagar 10/09/2018 BPPD/PUB 1250.00   021.65 SEH B-031474 10/09/2018 1250.00 10/09/2018 English Books
    Dewey Decimal Classification v.2     Non-fiction Patel Nagar Patel Nagar 15/09/2018 BPPD/PUB 1250.00   021.65 SEH B-031480 15/09/2018 1250.00 15/09/2018 English Books
    Dewey Decimal Classification       Non-fiction Sarojini Nagar Sarojini Nagar 12/02/2019       021.65 SEH B-031481 12/02/2019   12/02/2019 English Books

© Delhi Public Library
Hit Counter
free hit counter